El impacto de la cooperación internacional en el desarrollo de la democracia y los derechos humanos /
El autor plantea que al término de la contención bipolar, los países del Norte establecieron por consenso que la democracia y los derechos humanos serían objetivos prioritarios de la cooperación internacional para el desarrollo. Sin embargo, a casi dos décadas de aquellas declaraciones y compromisos...
Wedi'i Gadw mewn:
| Prif Awdur: | |
|---|---|
| Fformat: | Texto |
| Pynciau: | |
| Tagiau: |
Ychwanegu Tag
Dim Tagiau, Byddwch y cyntaf i dagio'r cofnod hwn!
|
MARC
| LEADER | 00000 a a2200000 04500 | ||
|---|---|---|---|
| 001 | 12445 | ||
| 003 | |||
| 040 | |||
| 100 | |a Prado Lallande, Juan Pablo | ||
| 245 | |a El impacto de la cooperación internacional en el desarrollo de la democracia y los derechos humanos / |c Juan Pablo Prado Lallande | ||
| 520 | |a El autor plantea que al término de la contención bipolar, los países del Norte establecieron por consenso que la democracia y los derechos humanos serían objetivos prioritarios de la cooperación internacional para el desarrollo. Sin embargo, a casi dos décadas de aquellas declaraciones y compromisos, estos objetivos no construyen elementos relevantes de la agenda internacional, ya que, prevalecen intereses políticos, económicos y de seguridad respecto a ambos valores. Este trabajo analiza dicha situación recurriendo a la experiencia estadounidense y a la de la Unión Europea en la materia. Asimismo, se incluye algunas recomendaciones para que la cooperación internacional sea capaz de promover la protección e impuso de sendos objetivos en terceros países | ||
| 650 | |a COOPERACION INTERNACIONAL | ||
| 650 | |a DEMOCRACIA | ||
| 650 | |a DERECHOS HUMANOS | ||
| 650 | |a ESTADOS UNIDOS | ||
| 650 | |a EUROPA | ||
| 773 | |g volumen 17, número 33; páginas 65-93 | ||
| 999 | |c 26726 |d 26726 | ||
